000 00562nam a22001457a 4500
003 OSt
005 20250718055307.0
008 250718b |||||||| |||| 00| 0 eng d
040 _aDWC-Main Lib
_cOC
082 _aFil. 621.319 T255 2011
245 _aA technical report on differences in ANSI/ IEEE and IEC short circuit calculations and their implications/
260 _aQuezon City, Philippines :
_bInstitute of Integrated Electrical Engineers of the Philippines Inc.,
_cc2011.
300 _a31 pages :
_billustrations ;
_c28cm.
942 _2ddc
_cBK - FIL
_kFil.
_n0
999 _c3760
_d3760